Don Juan Tenorio
Kaydedildi:
| Yazar: | |
|---|---|
| Materyal Türü: | Kitap |
| Dil: | İspanyolca |
| Baskı/Yayın Bilgisi: |
Madrid
Espasa-Calpe
1975
|
| Seri Bilgileri: | Clásicos Castellanos, 201
|
| Konular: | |
| Etiketler: |
Etiketle
Etiket eklenmemiş, İlk siz ekleyin!
|
MARC
| LEADER | 00000nam a2200000 a 4500 | ||
|---|---|---|---|
| 001 | UCT5715 | ||
| 003 | CL-VaPUC | ||
| 008 | 961216e19750000SP |||||||||||||||||spa|d | ||
| 082 | 0 | 4 | |a 862 |b ZOR |2 21 |
| 100 | 0 | |a Zorrilla, José de |e author |9 317542 | |
| 245 | 1 | 0 | |a Don Juan Tenorio |
| 300 | |a 174 p | ||
| 942 | |c BK | ||
| 945 | |d 19961216 00:00:00 |a rleighto | ||
| 260 | |a Madrid |b Espasa-Calpe |c 1975 | ||
| 650 | 0 | |a Drama español |9 265098 | |
| 583 | |a last modification |c 19961216 00:00:00 |k Rodrigo Vera | ||
| 490 | 0 | |a Clásicos Castellanos, 201 | |
| 999 | |c 254587 |d 254585 | ||
| 952 | |0 0 |1 0 |4 0 |6 862_000000000000000_ZOR_1975 |7 0 |8 R |9 276363 |a BIBEDU |b BIBEDU |c MCIRC |d 2019-11-19 |i 3261212 |o 862 ZOR 1975 |p 3261212 |r 2023-01-13 |w 2019-11-19 |y BK_R |k LIT | ||